| 000 | 004160000a22001690004500 | ||
|---|---|---|---|
| 005 | 20120302055439.0 | ||
| 942 | _cBOOK | ||
| 100 | _a Joshi,Vasant Sa. | ||
| 245 | _a Sanshodhan Saadhanaa | ||
| 260 | _aSatara:Praadnya Paathashaalaa Mandal,1976. | ||
| 300 | _a184p. | ||
| 040 | _aMAR | ||
| 365 | _b12/- | ||
| 650 | _aLekha-Sanshodhan | ||
| 650 | _aBhaavaartha Raamaayan | ||
| 650 | _aSaraswatee Mahaal-Tanjaawar | ||
| 999 |
_c348430 _d348427 |
||